ARRUPE JESUIT UNIVERSITY

CORONAVIRUS -STOP THE SPREAD - CLEAN,DISINFECT,COVER

All about horse brasses, (Record no. 128834)

MARC details
000 -LEADER
fixed length control field 00623cam a2200217u 4500
001 - CONTROL NUMBER
control field 8795966
003 - CONTROL NUMBER IDENTIFIER
control field ARRUPE
005 - DATE AND TIME OF LATEST TRANSACTION
control field 20190129091650.0
008 - FIXED-LENGTH DATA ELEMENTS--GENERAL INFORMATION
fixed length control field 810114s1942 enk 000 0 eng
010 ## - LIBRARY OF CONGRESS CONTROL NUMBER
LC control number 43012946
040 ## - CATALOGING SOURCE
Original cataloging agency DLC
Transcribing agency CarP
Modifying agency DLC
050 00 - LIBRARY OF CONGRESS CALL NUMBER
Classification number SPC. GT5888
Item number .R5
300 ## - PHYSICAL DESCRIPTION
Dimensions 16cm.
100 1# - MAIN ENTRY--PERSONAL NAME
Personal name Richards, Hubert S.
9 (RLIN) 44205
245 00 - TITLE STATEMENT
Title All about horse brasses,
Remainder of title a collectors complete guide 340 illustrations
Statement of responsibility, etc Hubert S. Richards
260 ## - PUBLICATION, DISTRIBUTION, ETC. (IMPRINT)
Place of publication, distribution, etc [Birmingham, Eng.,
Name of publisher, distributor, etc H. Devonshire,
Date of publication, distribution, etc 1943
300 ## - PHYSICAL DESCRIPTION
Extent 54p. ;
650 #0 - SUBJECT ADDED ENTRY--TOPICAL TERM
Topical term or geographic name as entry element Horse brasses.
9 (RLIN) 44206
650 #0 - SUBJECT ADDED ENTRY--TOPICAL TERM
Topical term or geographic name as entry element Amulets.
9 (RLIN) 44207
740 0# - ADDED ENTRY--UNCONTROLLED RELATED/ANALYTICAL TITLE
Uncontrolled related/analytical title Horse brasses.
906 ## - LOCAL DATA ELEMENT F, LDF (RLIN)
a 0
b cbc
c premunv
d u
e ncip
f 19
g y-gencatlg
942 ## - ADDED ENTRY ELEMENTS (KOHA)
Source of classification or shelving scheme Library of Congress Classification
Koha item type SPC
Holdings
Withdrawn status Lost status Source of classification or shelving scheme Damaged status Not for loan Collection code Home library Current library Shelving location Date acquired Total Checkouts Full call number Barcode Date last seen Price effective from Koha item type
    Library of Congress Classification     SPECIAL Collection ARRUPE LIBRARY ARRUPE LIBRARY REFERENCE 29/01/2019   SPC. GT5888 .R5 46600003483 29/01/2019 29/01/2019 SPC

 

Arrupe Library. PO Box MP320 Mt Pleasant, Harare, Zimbabwe
263 242 745411|librarian@aju.ac.zw